Statistics for NCAA First Four Teams

Click here to take the quiz!

General Stats

  • This quiz has been taken 10 times
  • The average score is 19 of 80

Answer Stats

Answer% Correct
North Carolina A&T
78%
Indiana
67%
Iowa
56%
UCLA
56%
UCLA
56%
Wichita State
56%
Wichita State
56%
California
44%
Michigan
44%
Texas A&M CC
44%
Texas Southern
44%
Texas Southern
44%
Texas Southern
44%
Texas Southern
44%
Wright State
44%
Wyoming
44%
Bryant
33%
Dayton
33%
Iona
33%
Kansas State
33%
Liberty
33%
Michigan State
33%
Notre Dame
33%
Rutgers
33%
Saint John's
33%
Syracuse
33%
USC
33%
Western Kentucky
33%
Arizona State
22%
Arizona State
22%
Belmont
22%
Boise State
22%
Boise State
22%
BYU
22%
BYU
22%
Drake
22%
Fairleigh Dickinson
22%
Fairleigh Dickinson
22%
Florida Gulf Coast
22%
Mississippi Valley State
22%
Norfolk State
22%
North Carolina Central
22%
North Carolina Central
22%
North Carolina Central
22%
Prairie View A&M
22%
Southern
22%
Tennessee
22%
UC Davis
22%
Vermont
22%
Wake Forest
22%
Appalachian State
11%
Hampton
11%
Holy Cross
11%
Lamar
11%
LIU Brooklyn
11%
Long Island
11%
Manhattan
11%
Middle Tennessee
11%
Mount Saint Mary's
11%
Mount Saint Mary's
11%
Mount Saint Mary's
11%
NC State
11%
New Orleans
11%
North Dakota State
11%
Radford
11%
Saint Bonaventure
11%
Saint Mary's
11%
Temple
11%
Vanderbilt
11%
Xavier
11%
Albany
0%
Cal Poly
0%
James Madison
0%
La Salle
0%
North Florida
0%
Ole Miss
0%
Providence
0%
Robert Morris
0%
South Florida
0%
Tulsa
0%

Score Distribution

Percentile by Number Answered

Percent of People with Each Score

Your Score History

You have not taken this quiz